General Engineering Quiz - Statistics

General Stats
  • This quiz has been taken 1,602 times
  • The average score is 7 of 20
Answer Stats
Hint Answer % Correct
Trigonometric function defined as the ratio between the opposite side and the hypotenuse Cosine
71%
Electric current multiplied by the voltage results in this quantity Power
56%
Condition that occurs when the sum of all forces and the sum of all moments acting on a body are equal to zero Equilibrium
54%
When circuit elements are arranged in this type of circuit, the current flowing through them is constant Series
48%
A thermodynamic quantity that represents the degree of disorder in a system Entropy
47%
The oldest type of engineering profession Civil
43%
A type of beam that has a fixed support at only 1 end Cantilever
38%
A property of a square matrix A that is denoted by |A| Determinant
38%
Change in pitch that occurs when a sound source is moving with respect to the listener Doppler effect
38%
The frequency of a pendulum is only dependent on the acceleration due to gravity and this property of the pendulum Length
35%
An integral transform that converts a function in time to a function of s which is equal to the integral of the product of the function in t and e^(-st), from zero to infinity Laplace
28%
The most efficient type of heat engine Carnot
26%
The loss of value of a certain investment from its present worth until it reaches its salvage value Depreciation
22%
Part of the quadratic formula inside the radical sign that determines the number of distinct roots of a quadratic equation Discriminant
22%
Conic section that has an eccentricity equal to 1 Parabola
22%
The law of thermodynamics that states: if object A is in thermal equilibrium with object B, and object B is in thermal equilibrium with object c, then object A is in thermal equilibrium with object C. Zeroth
22%
A type of interest which is of the form F = P(1 +iN) where F is the future worth, P is the present worth, i is the interest, and N is the number of interest periods Simple
16%
Stress divided by strain (when the body obeys Hooke's Law) Modulus of elasticity
13%
Ratio between the deformation of a body caused by subjecting it to stress and its original length Poisson's ratio
9%
A special kind of differential equation which has the form: dy/dx + yP(x) = Q(x)y^n Bernoulli
6%
No matching quizzes found
Score Distribution
Percent of People with Each Score
Percentile by Number Answered
Your Score History
You have not taken this quiz